000
00291nam a22001457a 4500
008
210309b ||||| |||| 00| 0 eng d
020
_a
0070422702
041
_a
eng
080
_a
37
082
_a
37
100
_a
25
101
_a
EDU
245
_a
English
_c
Sulzby, E
942
_2
udc
_c
BK
999
_c
56098
_d
56098